Guess The Footballer From Career Transfers #3 - Statistics

General Stats
  • This quiz has been taken 82 times
  • The average score is 7 of 20
Answer Stats
Career Transfers in Order Player % Correct
Sao Paulo - PSG - Tottenham - Sao Paulo Lucas Moura
75%
Bayern Munich - Bayer Leverkusen - Liverpool - Juventus - Borussia Dortmund Emre Can
74%
Sampdoria - Inter - PSG - Galatasaray Mauro Icardi
72%
Sparta Prague - Borussia Dortmund - Arsenal - Sparta Prague Tomas Rosicky
58%
Clausnengen - Molde - Man Utd Ole Gunnar Solskjaer
56%
Barcelona - Chelsea - Southampton - Girona - Barcelona Oriol Romeu
54%
Sporting - Porto - Monaco - Wolves - Braga Joao Moutinho
51%
Vitesse - Heracles - Atalanta - Inter - Union Berlin Robin Gosens
49%
Boavista - Porto - Liverpool - Chelsea - Fenerbahce Raul Meireles
39%
Piacenza - Cagliari - Roma - Inter - Antwerp - SPAL Radja Nainggolan
26%
Bury Town - Charlton - Burnley - Newcastle Nick Pope
22%
Le Havre - Marseille - Crystal Palace - Marseille - Rennes Steve Mandanda
18%
Man City - Newcastle - QPR - Burnley - Rangers - Burnley Joey Barton
14%
Danubio - Nacional - Inter - Panionios - Danubio - Nacional Alvaro Recoba
13%
Arsenal - Blackburn - Tottenham David Bentley
10%
Strasbourg - Everton - Lens - Leeds - Roma - Inter - Standard Liege Olivier Dacourt
7%
Aston Villa - Crystal Palace - Sheffield Wednesday Barry Bannan
6%
Hibernian - Celtic - Aberdeen Scott Brown
6%
Villarreal - Watford - Elche Mario Gaspar
3%
Nottingham Forest - Chesterfield - Bristol City - Millwall - Watford - Northampton Sean Dyche
3%
No matching quizzes found
Score Distribution
Percent of People with Each Score
Percentile by Number Answered
Your Score History
You have not taken this quiz